Le langage des categories

שמור ב:
מידע ביבליוגרפי
מחבר ראשי: Hilton, Peter J (Author)
פורמט: ספר
שפה:צרפתית
יצא לאור: París Cedic 1973
סדרה:Collection Formation des Maitres en Mathématique, 8
נושאים:
תגים: הוספת תג
אין תגיות, היה/י הראשונ/ה לתייג את הרשומה!

MARC

LEADER 00000nam a2200000 a 4500
001 UCQ9176
003 CL-VaPUC
008 981230e19730000FR |||||||||||||||||fre|d
082 0 4 |a 512.55  |b HIL  |2 21 
100 |a Hilton, Peter J  |e author  |9 424285 
245 1 3 |a Le langage des categories 
300 |a 126 p 
942 |c BK 
945 |d 19981230 00:00:00  |a crobeson 
260 |a París  |b Cedic  |c 1973 
650 7 |a CATEGORIAS  |2 CL-VaPUC  |9 370232 
650 0 |a Matemáticas  |x Enseñanza  |9 875527 
583 |a last modification  |c 19981230 00:00:00  |k Rodrigo Vera 
490 0 |a Collection Formation des Maitres en Mathématique, 8 
999 |c 278266  |d 278264